Rock Band Quiz - Statistics

General Stats
  • This quiz has been taken 90 times
  • The average score is 10 of 15
Answer Stats
Hint Answer % Correct
Most popular song: Smells Like Teen Spirit Nirvana
97%
Most popular song: Sweet Child O' Mine Guns N' Roses
96%
Most popular song: Master Of Puppets Metallica
93%
Most popular song: Paranoid Black Sabbath
91%
Most popular song: Basket Case Green Day
88%
Most popular song: Everlong Foo Fighters
76%
Most popular song: Mr. Brightside The Killers
69%
Most popular song: Blitzkrieg Bop Ramones
67%
Most popular song: 1979 The Smashing Pumpkins
63%
Most popular song: Kickstart My Heart Motley Crue
60%
Most popular song: Symphony Of Destruction Megadeth
53%
Most popular song: Teenagers My Chemical Romance
52%
Most popular song: You're Gonna Go Far, Kid The Offspring
52%
Most popular song: Santeria Sublime
47%
Most popular song: Inside Out Eve 6
23%
No matching quizzes found
Score Distribution
Percent of People with Each Score
Percentile by Number Answered
Your Score History
You have not taken this quiz